00701 a2200193 450000100060000002000150000604000220002110000180004324000370006124500320009830000070013036200090013765000230014694200070016995201130017695201000028995201010038999900170049056828 a8532239064 cAnchieta - Pituba aGaldino, Luiz10aViagem ao reino das sombraslpor10aViagem ao reino das sombras a870 a1999 4aLiteratura juvenil cBK 00104070a91.1b91.1d2023-11-21l0oLJ 028.5 G149v GAL VIAp6502/PITr2023-11-21 18:24:23w2023-11-21yBK 00102ddc4070a57.2b57.2d2024-07-11l0pfm82r2024-07-11 19:45:36w2024-07-11yBKzFD2/EMu 00102ddc4070a57.2b57.2d2024-07-12l0pfm212r2024-07-12 15:23:30w2024-07-12yBKzFD2/EMu c56828d56828